| 000 | 01346nam a2200337 a 4500 | ||
|---|---|---|---|
| 001 | ebr10677625 | ||
| 003 | CaPaEBR | ||
| 006 | m u | ||
| 007 | cr cn||||||||| | ||
| 008 | 100416s2010 nyua sb 001 0 eng d | ||
| 010 | _z 2010012289 | ||
| 020 | _z9781616684839 (softcover) | ||
| 020 | _z9781624178832 (e-book) | ||
| 040 |
_aCaPaEBR _cCaPaEBR |
||
| 035 | _a(OCoLC)834604419 | ||
| 050 | 1 | 4 |
_aTK1010 _b.A38 2010eb |
| 082 | 0 | 4 |
_a621.319/1 _222 |
| 100 | 1 | _aAfgan, Naim. | |
| 245 | 1 | 0 |
_aSustainable resilience of energy systems _h[electronic resource] / _cNaim Hamdia Afgan. |
| 260 |
_aNew York : _bNova Science Publishers, _cc2010. |
||
| 300 |
_a147 p. : _bill. (some col.). |
||
| 490 | 1 | _aEnergy science, engineering and technology | |
| 504 | _aIncludes bibliographical references and index. | ||
| 533 |
_aElectronic reproduction. _bPalo Alto, Calif. : _cebrary, _d2013. _nAvailable via World Wide Web. _nAccess may be limited to ebrary affiliated libraries. |
||
| 650 | 0 |
_aElectric power systems _xReliability. |
|
| 650 | 0 | _aRenewable energy sources. | |
| 655 | 7 |
_aElectronic books. _2local |
|
| 710 | 2 | _aebrary, Inc. | |
| 830 | 0 | _aEnergy science, engineering and technology series. | |
| 856 | 4 | 0 |
_uhttp://site.ebrary.com/lib/rucke/Doc?id=10677625 _zAn electronic book accessible through the World Wide Web; click to view |
| 999 |
_c168223 _d168223 |
||